000 00899nam a2200289Ia 4500
001 Z_5569
003 CHAP
008 220113s2007 xx 000 0 und d
010 _a168663
040 _cCHAP
090 _aTesis G 2027
100 _aGarcía Ramírez, Christian
_946481
245 _aComportamiento reproductivo de ovejas criollas sincronizadas con una y dos esponjas intravaginales /
_cpor Christian García Ramírez
260 _aChapingo, Méx. :
_bEl autor,
_c2007
300 _a42 h.
502 _aTesis (Ing. Agr. Esp. en Zootecnia) -- UACH. Departamento de Zootecnia
650 _aGanado lanar
_xFecundidad
_945181
650 _aGanado lanar
_xProducción
_945214
650 _aInseminación artificial
_958964
650 _aSincronización del celo
_9106556
901 _aTESIS G 2027
902 _aM
910 _a2007
942 _c2
942 _c2
999 _c168663
_d168663